000 00430nam a2200157Ia 4500
008 140529s9999 xx 000 0 und d
020 _a9789712713460
050 _aPL 5539.T73
_b.T443 2003
100 _aTiempo, Edith L.
245 _aTheĀ builderĀ :
_ba novel /
_cEdith L. Tiempo
260 _aPasig City, Philippines :
_bAnvil,
_cc2003.
300 _a145 p. ;
_c22 cm.
521 _aGE
942 _kLOC
_cBK
999 _c117808
_d117808